1728 1403 1335 1166 1788 1717 1120 1505 1038 1317 1602 1754 1721 1619 1735 1735 1312 1390 1799 1214 1469 1323 1637 1551 1839 1936 1147 1526 1201 1550 1977 1398 1422 1936 1345 1808 1081 1404 1960 1394 1823 1239 1018 1838 1911 1155 1672 1176 1341 1315 1262 1500 1253 1061 1860 1011 1786 1651 1016 1023 1877 1814 1732 1643 1101 1760 1081 1708 1164 1549 1225 1706 1811 1815 1846 1754 1016 1270 1557 1821 1872 1023 1841 1289 1500 1028 1397 1736 1090 1036 1388 1658 1357 1153 1842 1573 1555 1667 1327 BCNSPRNW ULIB Ver.6.0+V

เปลี่ยนเป็นภาษาไทย

Change to English
 แสดงรายละเอียดบรรณานุกรม
  กลับหน้าหลัก

Brief Record : Get Marc (ISO 2709) : E-mail record : QR code < ปิดหน้าต่าง
LEADER : 00000nam 2200000uu 4500
001    13399110950
003     ULIB
008    110614s||||||||th 000 0 tha d
020    9745236977
050  4 AC158^bว586ค 2548
100 0  วิสิทธิ์ โรจน์พจนรัตน์
245 10 ความรู้รอบตัว ฉบับปรับปรุงใหม่ล่าสุด /^cวิสิทธิ์ โรจน์พจนรัตน์, วิทยา ปานะบุตร
260    กรุงเทพฯ :^bพัฒนศึกษา,^c2548
300    472 หน้า
504    บรรณานุกรมท้ายเล่ม
650  4 ความรู้รอบตัว
700 0  วิทยา ปานะบุตร
945    ^p150^l0^i017509
945    ^p150^l0^i017030
995    ทศพร
999 ^a ใช้งานได้ทุกระบบ
รายการนี้ยังไม่มีแท็ก
คุณยังไม่ได้ล็อกอิน คุณสามารถมีกิจกรรมร่วมกับเว็บไซต์ได้ แต่ต้องล็อกอินก่อน ::
  ล็อกอิน

รายการสื่อสารสนเทศ

ลำดับที่ ประเภท เลขเรียก/บาร์โค้ด สถานที่ สถานะ
- ไม่พบข้อมูล -

รายการใกล้เคียง
    หัวเรื่อง [ความรู้รอบตัว]

BibComment


ยังไม่เคยถูกคอมเมนท์

คอมเมนท์ทรัพยากรรายการนี้
  คอมเมนท์: ความรู้รอบตัว ฉบั..


 Copyright 2026. Bcnsprnw @Library